000
00207 a2200097 4500
001
2763
100
_a
Hill, J.C.
245
_a
Pratical geometry
260
_a
_b
Cambridge University
_c
090
_c
2058
_d
2058
942
_a
NUST-CAE
_c
M
_c
11758
999
_c
237836
_d
237836